Biblioteka Instytutu Północnego w Olsztynie

Bliscy znajomi : (Rekord nr 27343)

Szczegóły MARC
000 -Nagłówek
fixed length control field 01588nam a2200433 i 4500
001 - Nr kontrolny bibl., która utworzyła rek.
control field xx005915842
003 - Siglum bibl., której nr kontr. jest w 001
control field NUKAT
005 - Data i czas ostatniej operacji
control field 20260330110148.0
008 - Elementy pola stałej długości
fixed length control field 260330s2013 pl a |001 0 pol c
020 ## - ISBN
ISBN 8389523620
dopowiedzenie (oprawa miękka)
035 ## - Systemowy numer kontrolny
systemowy numer kontrolny (NUKAT)xx005915842
040 ## - Instytucja sporządzająca opis
Instytucja, która sporządziła opis OLSZT 008/bak
język katalgowania-trzyzn. kod pol
zasady opisu rda
Instytucja, która sporządziła rekord OLSZT 008/bak
046 ## - Kod rodz. daty, data1, data2 (daty pne)
Begin/single date 2006
100 1# - Hasło główne-nazwa osobowa
Nazwa osobowa Bogdaszewska, Zofia.
rodzaj współpracy Autor
9 (RLIN) 39193
245 10 - Tytuł właściwy i oznaczenie odpow.
tytuł Bliscy znajomi :
dodatek do tytułu poznajemy drzewa i krzewy /
dod. inf. ze s. tyt./ozn. odpow. Zofia Bogdaszewska, Marek Bogdaszewski ; zdjęcia Mark Bogdaszewski, Andrzej Stachurski.
246 30 - Inne formy tytułu, wariant tytułu
tytuł Ppoznajemy drzewa i krzewy
250 ## - Oznaczenie wydania
oznaczenie wydania Wydanie IV.
260 ## - Adres wydawniczy
miejsce wydania, dystrybucji itp. Olsztyn :
nazwa wydawcy, dystrybutora itp. Agencja Fotograficzno-Wydawnicza "Mazury",
data wydania, dystrybucji itp. 2013.
300 ## - Opis fizyczny
objętość i/lub forma materiału 62, [2] strony :
inne szczegóły opisu fizycznego ilustracje ;
format 22 cm.
336 ## - Content Type
Term Tekst
Code txt
Source rdacontent
336 ## - Content Type
Term Obraz
Code sti
Source rdacontent
337 ## - Media Type
Term Bez urządzenia pośredniczącego
Code n
Source rdamedia
338 ## - Carrier Type
Term Wolumin
Code nc
Source rdacarrier
380 ## - Form of work
Form of work Książki
380 ## - Form of work
Form of work Publikacje popularnonaukowe
388 1# - TIME PERIOD OF CREATION
Time period of creation term 2001-
504 ## - Uwaga o bibliografii
uwaga o bibliografii Bibliografia na stronie 62. Indeks.
650 #7 - Hasło przedmiotowe-nazwa pospolita
nazwa pospolita lub geogr. Drzewa
źródło hasła DBN
9 (RLIN) 37574
650 #7 - Hasło przedmiotowe-nazwa pospolita
nazwa pospolita lub geogr. Krzewy
źródło hasła DBN
9 (RLIN) 39195
650 #7 - Hasło przedmiotowe-nazwa pospolita
nazwa pospolita lub geogr. Ogrody botaniczne
źródło hasła DBN
9 (RLIN) 39196
655 #7 - Termin określający rodzaj/formę
rodzaj/forma Opracowanie
źródło terminu DBN
9 (RLIN) 35024
655 #7 - Termin określający rodzaj/formę
rodzaj/forma Publikacja bogato ilustrowana
źródło terminu DBN
9 (RLIN) 35165
658 ## - Nazwa określająca cel programu nauczania
główny cel programu nauczania Biologia
700 1# - Hasło dodatkowe - nazwa osobowa
nazwa osobowa Bogdaszewski, Marek.
rodzaj współpracy Autor
-- Fotografie
9 (RLIN) 39194
700 1# - Hasło dodatkowe - nazwa osobowa
nazwa osobowa Stachurski, Andrzej
daty biograficzne (1951- ).
rodzaj współpracy Fotografie
9 (RLIN) 13038
710 2# - Hasło dodatkowe - nazwa ciała zbior.
nazwa ciała zbior. lub nazwa geogr. Agencja Fotograficzno-Wydawnicza "Mazury".
rodzaj współpracy Wydawca
kod rodzaju współpracy pbl
9 (RLIN) 13040
920 ## - ISBN
ISBN 83-89523-62-0 (oprawa miękka)
942 ## - ADDED ENTRY ELEMENTS (KOHA)
Source of classification or shelving scheme Dewey Decimal Classification
Koha item type pozycje dostępne na miejscu
Egzemplarze
Status wycofania Status zagubienia Klasyfikacja Status uszkodzenia Blokada wypożyczeń Kolekcja Lokalizacja macierzysta Lokalizacja bieżąca Data nabycia Numer akcesji Źródło akcesji Cena Nr inwentarzowy il. wypożyczeń Sygnatura Kod kreskowy Date last seen Price effective from Typ egz.
    Dewey Decimal Classification nieuszkodzona   książka w magazynie Biblioteka Instytutu Północnego w Olsztynie Biblioteka Instytutu Północnego w Olsztynie 26/06/2019 D-31/2019 dar 10.00 59799   59799 IPWK21496 30/03/2026 30/03/2026 pozycje dostępne na miejscu
    Dewey Decimal Classification nieuszkodzona   książka w magazynie Biblioteka Instytutu Północnego w Olsztynie Biblioteka Instytutu Północnego w Olsztynie 26/06/2019 D-31/2019 dar 10.00 59800   59800 IPWK21497 30/03/2026 30/03/2026 pozycje dostępne na miejscu
Biblioteka Instytutu Północnego, ul. Partyzantów 87, 10-402 Olsztyn, email: biblioteka(at)ip.olsztyn.pl